000 01108pam a2200325 a 4500
999 _c28712
_d28683
001 1995533
003 EG-ScBUE
005 20200913113515.0
008 900212s1990 ohua f b 001 0 eng d
020 _a0916094332
040 _aDLC
_beng
_erda
_cDLC
_dDLC
_dEG-ScBUE
082 0 4 _a661.067
_bALU
_222
245 0 0 _aAlumina chemicals :
_bscience and technology handbook /
_cL.D. Hart, editor ; Esther Lense, associate editor.
264 1 _aWesterville, Ohio :
_bThe American Ceramic Society, Inc.,
_c[1990]
264 4 _cc1990
300 _a617 pages :
_billustrations ;
_c29 cm
336 _2rdacontent
_atext
_btxt
337 _2rdamedia
_aunmediated
_bn
338 _2rdacarrier
_avolume
_bnc
500 _aIncludes appendices.
504 _aIncludes bibliographical references and index.
650 7 _aAluminum oxide.
_2BUEsh
650 7 _aAluminum hydroxide.
_2BUEsh
653 _bGGEN
_cSeptember2020
655 _vReading book
_934232
700 1 _aHart, L. D.
_q(LeRoy D.)
_eeditor.
700 1 _aLense, Esther,
_eeditor.
906 _a7
_bcbc
_corignew
_d1
_eocip
_f19
_gy-gencatlg
942 _2ddc
_cBB